Initiation à la linguistique française (notice n° 2174932)

détails MARC
000 -LEADER
fixed length control field 01113cam a2200145 4500500
005 - DATE AND TIME OF LATEST TRANSACTION
control field 20260405051036.0
041 ## - LANGUAGE CODE
Language code of text/sound track or separate title fre
042 ## - AUTHENTICATION CODE
Authentication code dc
100 10 - MAIN ENTRY--PERSONAL NAME
Personal name Zufferey, Sandrine
Relator term author
245 00 - TITLE STATEMENT
Title Initiation à la linguistique française
260 ## - PUBLICATION, DISTRIBUTION, ETC.
Name of publisher, distributor, etc. Armand Colin,<br/>
Date of publication, distribution, etc. 2025.<br/>
520 ## - SUMMARY, ETC.
Summary, etc. Initiation à la linguistique française présente de manière accessible mais complète les domaines de la linguistique : langage et communication, phonétique et phonologie, syntaxe, morphologie, sémantique, pragmatique. Cette synthèse offre aussi un état actuel des connaissances en philosophie du langage et de l’esprit, psychologie cognitive, neurosciences et pragmatique cognitive. Conçu à partir d’un cours universitaire accompagné de travaux pratiques, cet ouvrage est le fruit d’une longue expérience d’enseignement auprès d’étudiants de littérature, de linguistique et de psychologie en première année de licence.
700 10 - ADDED ENTRY--PERSONAL NAME
Personal name Moeschler, Jacques
Relator term author
856 41 - ELECTRONIC LOCATION AND ACCESS
Uniform Resource Identifier <a href="https://shs.cairn.info/initiation-a-la-linguistique-francaise--9782200641900?lang=fr&redirect-ssocas=7080">https://shs.cairn.info/initiation-a-la-linguistique-francaise--9782200641900?lang=fr&redirect-ssocas=7080</a>

Pas d'exemplaire disponible.

PLUDOC

PLUDOC est la plateforme unique et centralisée de gestion des bibliothèques physiques et numériques de Guinée administré par le CEDUST. Elle est la plus grande base de données de ressources documentaires pour les Étudiants, Enseignants chercheurs et Chercheurs de Guinée.

Adresse

627 919 101/664 919 101

25 boulevard du commerce
Kaloum, Conakry, Guinée

Réseaux sociaux

Powered by Netsen Group @ 2025